000 01528cam a22004694i 4500
003 PE-LiUPU
005 20250731173351.0
008 150706s r 000 0 d
020 _a0802823564
035 _a(Sirsi) i9780802823564
040 _aPE-LiUPU
_bspa
_cPE-LiUPU
_erda
049 _aPRUA
082 0 4 _a221.07
_bNICOT1991
_221
100 1 _aWoudstra, Marten H.,
_eautor.
245 1 4 _aThe Book of Joshua /
_cMarten H. Woudstra.
264 1 _aMichigan :
_bWilliam B. Eerdmans Publishing Co.,
_c1991.
300 _a396 páginas ;
_c24 centímetros
336 _atext
_2rdacontent
337 _aunmediated
_2rdamedia
338 _avolume
_2rdacarrier
490 0 _aThe New International Commentary on the Old Testament
504 _aNotas bibliográficas al pie de páginas.
526 _aSEG42
526 _aSEG41
526 _aSEG40
526 _aSEG39
526 _aP94
526 _aP87
526 _aP86
526 _aP85
526 _aP77
526 _aP76
526 _aP35
630 0 4 _aBiblia.
_pA.T.
_pJosué
_xComentarios.
910 _a
942 _2ddc
_cBOOK
949 _a221.07 NICOT 6 1991
_wDEWEY
_c1
_i37794
_lCCODEBUL1
_mBUL
_r0
_sY
_tBOOK
_u2015-7-6
_xTEOLOGIA
_zUNKNOWN
_0COMPRA
_o.STAFF. Colección General
994 _aC0
_bPEPRU
596 _a1
999 _a221.07 NICOT 6 1991
_wDEWEY
_c50477
_i37794
_f2021-11-11
_g5
_lCCODEBUL1
_mBUL
_r0
_sY
_tBOOK
_u2015-7-6
_xTEOLOGIA
_zUNKNOWN
_0COMPRA
_o.STAFF. Colección General
_d50477
980 _81
_gALBERTO SANCHEZ Responsable de Automatización